Malaysian taxation

Bibliographic Details
Main Author: Chin, Yoong Kheong
Format: Book
Published: Malaysia : Butterworths , 1988
Subjects:

MARC

LEADER 00000cam a2200000 7i4500
001 0000008784
005 20220523.0
020 |a 0409995622 
040 |a INS 
090 0 0 |a HJ2950.6   |b C44 1988 
100 1 |a Chin, Yoong Kheong 
245 1 0 |a Malaysian taxation   |c Chin Yoong Kheong 
260 |a Malaysia :   |b Butterworths ,   |c 1988 
300 |a xxii, 694p. ;   |c 21cm. 
500 |a Includes index 
650 0 0 |a Taxation   |z Malaysia 
999 |a 0000003668   |b BOOK   |c Open Shelf   |e Default branch 
999 |a 0000004297   |b BOOK   |c Open Shelf   |e Default branch 
999 |a 0000022636   |b BOOK   |c Open Shelf   |e Default branch 
999 |a 0000022861   |b BOOK   |c Open Shelf   |e Default branch